Further Extension of Consultation Cycles Due To Covid-19 Pandemic, and Suspension of Framework To Address Excessive Delays in Article IV Consultations and Mandatory Financial Stability Assessments.

Notwithstanding the ongoing intensive policy dialogue with the membership during the COVID-19 pandemic, there is growing need for resuming Article IV consultations and mandatory Financial Stability Assessments (FSAs). However, the resumption of Article IV consultations over the coming months will ne...

Descrizione completa

Dettagli Bibliografici
Ente Autore: International Monetary Fund. Monetary and Capital Markets Department
Natura: Periodico
Lingua:English
Pubblicazione: Washington, D.C. : International Monetary Fund, 2020.
Serie:Policy Papers; Policy Paper ; No. 2020/035
Soggetti:
Accesso online:Full text available on IMF
LEADER 02039cas a2200301 a 4500
001 AALejournalIMF021102
008 230101c9999 xx r poo 0 0eng d
020 |c 5.00 USD 
020 |z 9781513550404 
022 |a 2663-3493 
040 |a BD-DhAAL  |c BD-DhAAL 
110 2 |a International Monetary Fund.  |b Monetary and Capital Markets Department. 
245 1 0 |a Further Extension of Consultation Cycles Due To Covid-19 Pandemic, and Suspension of Framework To Address Excessive Delays in Article IV Consultations and Mandatory Financial Stability Assessments. 
264 1 |a Washington, D.C. :  |b International Monetary Fund,  |c 2020. 
300 |a 1 online resource (7 pages) 
490 1 |a Policy Papers 
500 |a <strong>Off-Campus Access:</strong> No User ID or Password Required 
500 |a <strong>On-Campus Access:</strong> No User ID or Password Required 
506 |a Electronic access restricted to authorized BRAC University faculty, staff and students 
520 3 |a Notwithstanding the ongoing intensive policy dialogue with the membership during the COVID-19 pandemic, there is growing need for resuming Article IV consultations and mandatory Financial Stability Assessments (FSAs). However, the resumption of Article IV consultations over the coming months will need to be gradual, remain focused on the crisis and related challenges, and be undertaken flexibly. Staff recommends a further extension of consultation cycles to accommodate the gradual nature of the restart. Staff also recommends that the application of the framework to address excessive delays in the completion of Article IV consultations and mandatory FSAs be temporarily suspended. 
538 |a Mode of access: Internet 
650 7 |a Consultation  |2 imf 
650 7 |a Fund Staff  |2 imf 
650 7 |a Mandatory FSA  |2 imf 
650 7 |a Policy  |2 imf 
650 7 |a PP  |2 imf 
830 0 |a Policy Papers; Policy Paper ;  |v No. 2020/035 
856 4 0 |z Full text available on IMF  |u http://elibrary.imf.org/view/journals/007/2020/035/007.2020.issue-035-en.xml  |z IMF e-Library